00556nam a2200205 a 4500001001300000003000900013005001700022008004100039020002400080082001600104100002600120245003400146260005000180300000900230500003500239505001000274650002000284700002700304700001900331nice12345678IN_TiNIC20260116013103.0050524s1992 cama grp 000 0 eng  a0521625 c231000a292.08bZAI aZaidman, Louise Bruit aReligion in the Ancient Greek aCambridge bCambridge University Press c1992 a278p aincludes index and biblioraphy2 aindex aGreece-Religion1 aPauline Schmitt Pantel1 aPaul Cartledge